Statistics for Mayors – Fictional and Real

Click here to take the quiz!

General Stats

  • This quiz has been taken 3,110 times
  • The average score is 11 of 22

Answer Stats

City Hint Mayor % Correct
New York CityAirport namesakeFiorello La Guardia
81%
Wasilla, AlaskaCan see Russia from homeSarah Palin
80%
New York CityBanned big sodasMichael Bloomberg
72%
Palm Springs, Cal.Congressman, Cher spouseSonny Bono
72%
Carmel-by-the-Sea, Cal.Dirty HarryClint Eastwood
71%
CincinnatiTalk/fight-show hostJerry Springer
59%
Greeneville, Tenn.Impeached PresidentAndrew Johnson
55%
The ShireFrodo’s BFFSamwise Gamgee
55%
Buffalo, NY2 non-consecutive Pres. termsGrover Cleveland
53%
SpringfieldSimpsons mayor"Diamond Joe" Quimby
49%
Nauvoo, Ill.Founded a religionJoseph Smith
47%
ChicagoFormer Obama chief of staffRahm Emanuel
47%
Birmingham, U.K.Appeased HitlerNeville Chamberlain
45%
Quahog, R.I.Actor’s name = character’s nameAdam West
45%
Washington D.C.Busted for crackMarion Barry
44%
ChicagoFather and sonRichard Daley
41%
McDonaldlandLarge, meaty headMayor McCheese
41%
Gotham City(for one day only)Bruce Wayne
40%
Montreuil-sur-Mer, FranceProtagonist of Les MisJean Valjean
36%
MinneapolisV.P. under JohnsonHubert Humphrey
32%
Northampton, Mass.Taciturn U.S. presidentCalvin Coolidge
32%
Oakland, Cal.“Governor Moonbeam”Jerry Brown
29%

Score Distribution

Percentile by Number Answered

Percent of People with Each Score

Your Score History

You have not taken this quiz